The 2 and a half pillars of wisdom / (Record no. 2574)
[ view plain ]
| 000 -LEADER | |
|---|---|
| fixed length control field | 01492nam a22002297a 4500 |
| 005 - DATE AND TIME OF LATEST TRANSACTION | |
| control field | 20240103093826.0 |
| 020 ## - INTERNATIONAL STANDARD BOOK NUMBER | |
| International Standard Book Number | 9780349118505 |
| 040 ## - CATALOGING SOURCE | |
| Original cataloging agency | FISKH |
| Language of cataloging | eng |
| Transcribing agency | FISKH |
| Modifying agency | FISKH |
| 050 ## - LIBRARY OF CONGRESS CALL NUMBER | |
| Classification number | PR6063.C326 |
| 082 ## - DEWEY DECIMAL CLASSIFICATION NUMBER | |
| Classification number | 813 |
| 100 ## - MAIN ENTRY--PERSONAL NAME | |
| Personal name | Smith, Alexander McCall |
| 245 ## - TITLE STATEMENT | |
| Title | The 2 and a half pillars of wisdom / |
| Statement of responsibility, etc. | The Von Igelfield Trilogy ; Alexander McCall Smith |
| 250 ## - EDITION STATEMENT | |
| Edition statement | This omnibus edition first published in Great Britain by Abacus in 2004 |
| 260 ## - PUBLICATION, DISTRIBUTION, ETC. | |
| Place of publication, distribution, etc. | London : |
| Name of publisher, distributor, etc. | Abacus, |
| Date of publication, distribution, etc. | 2004 |
| 300 ## - PHYSICAL DESCRIPTION | |
| Extent | 393 pages : |
| Other physical details | 20 cm |
| 505 ## - FORMATTED CONTENTS NOTE | |
| Formatted contents note | T |
| 520 ## - SUMMARY, ETC. | |
| Summary, etc. | Alexander McCall Smith, best-selling author of The No. 1 Ladies' Detective Agency, has turned his hand to humour. The delightful result is a creation of comic genius. For in the unnaturally tall form of Professor Doctor Moritz-Maria von Igelfeld, we are invited to meet a memorable character whose sublime insouciance is a blend of the cultivated pomposity of Frasier Crane and of Inspecteur Clouseau's hapless gaucherie. Von Igelfeld inhabits the rarefied world of the Institute of Romance Philology at Regensburg, a world he shares with his equally tall and equally ridiculous colleagues, Professors Florianus Prinzel and Detlev Amadeus Unterholzer. Their unlikely adventures are described in three deliciously funny instalments: Portuguese Irregular Verbs, The Finer Points of Sausage Dogs and At the Villa of Reduced Circumstances. |
| 521 ## - TARGET AUDIENCE NOTE | |
| Target audience note | 900 |
| Source | Lexile estimate |
| 521 ## - TARGET AUDIENCE NOTE | |
| Target audience note | T |
| Source | Raz-Plus |
| 942 ## - ADDED ENTRY ELEMENTS (KOHA) | |
| Source of classification or shelving scheme | Dewey Decimal Classification |
| Koha item type | Books |
| Suppress in OPAC | No |
| 999 ## - | |
| -- | 2574 |
| -- | 2574 |
| Withdrawn status | Lost status | Source of classification or shelving scheme | Damaged status | Not for loan | Collection | Home library | Current library | Shelving location | Date acquired | Total Checkouts | Full call number | Barcode | Date last seen | Price effective from | Koha item type |
|---|---|---|---|---|---|---|---|---|---|---|---|---|---|---|---|
| Dewey Decimal Classification | Fiction | Footprints International School Library Network Toul Kork Campus | Footprints International School Library Network Toul Kork Campus | 01/02/2024 | SMI 813 PR6063.C326 | FISSE03393 | 01/02/2024 | 01/02/2024 | Books |
